Catálogo
 En Linea

Nueva revisión de algunos de los que fueronproblemas colombinos : (Registro nro. 32970)

Detalles MARC
000 -CABECERA
campo de control de longitud fija 00782nam a2200169 a 4500
001 - NÚMERO DE CONTROL
campo de control 000033479
005 - FECHA Y HORA DE LA ÚLTIMA TRANSACCIÓN
campo de control 20250131205119.0
008 - DATOS DE LONGITUD FIJA--INFORMACIÓN GENERAL
campo de control de longitud fija 110830s1946 dr 000 0 spa d
040 ## - FUENTE DE LA CATALOGACIÓN
Centro catalogador/agencia de origen DO-SdBNP
Lengua de catalogación spa
Centro/agencia transcriptor BNPHU
100 1# - ENTRADA PRINCIPAL--NOMBRE DE PERSONA
Nombre de persona Álvarez Pedroso, Armando
9 (RLIN) 59007
245 10 - MENCIÓN DE TÍTULO
Título Nueva revisión de algunos de los que fueronproblemas colombinos :
Resto del título conferencia pronunciada en el Paraninfo de la Universidad de Santo Domingo el día 17 de abril de 1946 /
Mención de responsabilidad, etc. Armando Álvarez Pedroso.
260 ## - PUBLICACIÓN, DISTRIBUCIÓN, ETC.
Lugar de publicación, distribución, etc. Ciudad Trujillo :
Nombre del editor, distribuidor, etc. Universidad de Santo Domingo,
-- Pol Hermanos,
Fecha de publicación, distribución, etc. 1946.
300 ## - DESCRIPCIÓN FÍSICA
Extensión 27 p. ;
Dimensiones 23 cm.
490 1# - MENCIÓN DE SERIE
Mención de serie Publicaciones de la Universidad de Santo Domingo ;
Designación de volumen o secuencia 40
710 2# - PUNTO DE ACCESO ADICIONAL--NOMBRE DE ENTIDAD CORPORATIVA
Nombre de entidad corporativa o nombre de jurisdicción como elemento de entrada Universidad de Santo Domingo
Término indicativo de función/relación ed.
9 (RLIN) 37767
830 #0 - PUNTO DE ACCESO ADICIONAL DE SERIE-TÍTULO UNIFORME
Título uniforme Publicaciones de la Universidad de Santo Domingo
Designación de volumen o secuencia 40
9 (RLIN) 818
Existencias
Estado de retiro Estado de pérdida Restricciones de uso No para préstamo Código de colección Localización permanente Ubicación/localización actual Ubicación en estantería Fecha de adquisición Número de inventario Total de préstamos Signatura topográfica completa Código de barras Fecha visto por última vez Precio válido a partir de Tipo de ítem Koha Nota pública
      Excluido de préstamo Raros y valiosos Patrimonio Dominicano Patrimonio Dominicano Depósito 30.08.2011 LF1   33479-10 25.06.2020 25.06.2020 No se presta Perteneció a la bibliteca personal de Julio Ortega Frier.

Con tecnología Koha